000 01102nam0a22002291i 4500
001 rc\754903
005 20240725232613.0
035 _a(NLR Aleph) 006283025
090 _a7069758
_c7069758
100 _a20040301d1985 u |0rusy50 ca
101 0 _arus
102 _aRU
105 _ay |||||||||
200 1 _aРазвитие государственной формы собственности в экономике латиноамериканских стран, развивающихся по капиталистическому пути
_e(На прим. Аргентины, Бразилии и Мексики)
_eАвтореф. дис. на соиск. учен. степ. канд. экон. наук
210 _aМ.
_d1985
215 _a23 с.
300 _aВ надзаг.: Высш. комс. шк. при ЦК ВЛКСМ, Специализир. совет по полит. экономии К.150.01.03
700 1 _aКанов
_bА.А.
_gАлександр Александрович
801 0 _aRU
_bNLR
_gpsbo
801 1 _aRU
_bELAR
_2rusmarc
852 _aNLR
_j86-4/30138
942 _cBOOK